Wird geladen...

Romanticism in Perspective; A Comparative Study of Aspects of the Romantic Movements in England, France and Germany

Bibliographische Detailangaben
1. Verfasser: Furst, Lilian R
Format: Printed Book
Veröffentlicht: London; Macmillan; 1969
Ausgabe:1st
Schlagworte:
LEADER 00584nam a22001457a 4500
082 |a 824  |b FUR/R K9 
100 |a Furst, Lilian R  |9 169114 
245 |a Romanticism in Perspective;  |b A Comparative Study of Aspects of the Romantic Movements in England, France and Germany 
250 |a 1st 
260 |a London;  |b Macmillan;  |c 1969 
300 |a 366p. 
650 |a Literature Studies; English Literature  |9 300932 
942 |c BK 
999 |c 63352  |d 63352 
952 |0 0  |1 0  |4 0  |6 824_000000000000000_FUR_R_K9  |7 0  |8 EnglLS  |9 75868  |a MAL  |b MAL  |d 2016-10-05  |e 15282  |l 0  |o 824 FUR/R K9  |p MAL015282  |r 2016-10-05  |t 1  |w 2016-10-05  |y BK